[Event "BL 1415 Schachfr. Berlin - SG Solingen"]
[Site "?"]
[Date "2014.12.06"]
[Round "5.6"]
[White "Moreno Tejera, Emilio"]
[Black "Appel, Ralf"]
[Result "0-1"]
[WhiteElo "2444"]
[BlackElo "2521"]
[PlyCount "122"]
[EventDate "2014.??.??"]

1. e4 c6 2. d4 d5 3. Nc3 g6 4. Nf3 Bg7 5. Bf4 dxe4 6. Nxe4 Bf5 7. Qe2 Bxe4 8.
Qxe4 Nf6 9. Qd3 Na6 10. Be2 O-O 11. O-O Nc7 12. Qb3 Ne6 13. Be5 Qb6 14. Bc4
Qxb3 15. Bxb3 Nd5 16. c3 Bxe5 17. Nxe5 Rfd8 18. Rad1 Nec7 19. Rfe1 e6 20. g3
Kg7 21. Kg2 a5 22. a3 Nb6 23. h4 a4 24. Ba2 h5 25. Nd3 Nbd5 26. Ne5 Ne7 27. Bb1
Nb5 28. Nc4 Nd6 29. Nxd6 Rxd6 30. Bc2 b5 31. Be4 Rad8 32. Bf3 Nc8 33. Re5 Nb6
34. Be2 f6 35. Re4 e5 36. Rc1 exd4 37. cxd4 Kf7 38. Rc3 Nd5 39. Rc2 Ne7 40. Bf3
Rxd4 41. Ree2 R4d6 42. Be4 Re6 43. Bf3 Rxe2 44. Bxe2 Ke6 45. Bf3 Rd6 46. Be4
Kd7 47. Kf1 Rd4 48. Bf3 Kd6 49. Be2 Nf5 50. Kg2 Ng7 51. Rc3 Ne6 52. b3 axb3 53.
Rxb3 Rd2 54. Bf1 f5 55. Re3 Kd7 56. Rc3 Nd4 57. a4 b4 58. Rc4 Nc2 59. Kg1 b3
60. Rc3 b2 61. Rb3 Na3 0-1

[Event "BL 1415 Schachfr. Berlin - SG Solingen"]
[Site "?"]
[Date "2014.12.06"]
[Round "5.7"]
[White "Andersen, Mads"]
[Black "Abel, Dennes"]
[Result "1/2-1/2"]
[WhiteElo "2493"]
[BlackElo "2441"]
[PlyCount "52"]
[EventDate "2014.??.??"]

1. c4 c6 2. Nf3 d5 3. e3 Bg4 4. Qb3 Qc7 5. Nc3 e6 6. d4 Nd7 7. Bd2 Ngf6 8. Be2
Be7 9. O-O O-O 10. Rfc1 Qb6 11. h3 Bh5 12. Be1 Rfe8 13. g4 Bg6 14. Nh4 dxc4 15.
Bxc4 Nd5 16. Nxg6 hxg6 17. Qxb6 axb6 18. Bb3 g5 19. Rd1 g6 20. Ne2 N7f6 21.
Rac1 Kg7 22. Kg2 b5 23. Bd2 Ne4 24. Be1 Nef6 25. Bd2 Ne4 26. Be1 Nef6 1/2-1/2

[Event "BL 1415 Schachfr. Berlin - SG Solingen"]
[Site "?"]
[Date "2014.12.06"]
[Round "5.8"]
[White "Thiede, Lars"]
[Black "Georgiadis, Nico"]
[Result "0-1"]
[WhiteElo "2446"]
[BlackElo "2460"]
[PlyCount "84"]
[EventDate "2014.??.??"]

1. c4 e6 2. Nf3 d5 3. b3 c5 4. g3 d4 5. Bg2 Nc6 6. d3 Nf6 7. O-O Bd6 8. e3 O-O
9. exd4 cxd4 10. Na3 e5 11. Nc2 Re8 12. Rb1 Bf8 13. Bg5 h6 14. Bxf6 Qxf6 15.
Nd2 Qg6 16. b4 Bg4 17. f3 Bf5 18. Ne4 Rad8 19. Qd2 Bd6 20. Kh1 Bc7 21. a3 Bc8
22. Rbe1 Ne7 23. Rg1 Kh8 24. Nf2 b6 25. Re2 Bb7 26. Rge1 f5 27. Rg1 Ng8 28. g4
e4 29. Nxe4 fxe4 30. fxe4 Qxg4 31. Rf2 Qh4 32. Bf3 Rf8 33. Qe2 Be5 34. Rg4 Qf6
35. Rgg2 Bc8 36. b5 Bh3 37. Rg1 Ne7 38. Nb4 Rf7 39. Rb1 Rdf8 40. Nc2 Bg4 41.
Ne1 Qh4 42. Kg1 Ng6 0-1

[Event "BL 1415 SV Hockenheim - Werder Bremen"]
[Site "?"]
[Date "2014.12.06"]
[Round "5.2"]
[White "Saric, Ivan"]
[Black "Efimenko, Zahar"]
[Result "1/2-1/2"]
[WhiteElo "2680"]
[BlackElo "2644"]
[PlyCount "66"]
[EventDate "2014.??.??"]

1. e4 e5 2. Nf3 Nc6 3. Bc4 Bc5 4. O-O Nf6 5. d3 d6 6. c3 a6 7. Re1 h6 8. Bb3
O-O 9. Nbd2 Re8 10. Nf1 Ba7 11. h3 Be6 12. Ng3 Bxb3 13. Qxb3 Qd7 14. Be3 Bxe3
15. Rxe3 Ne7 16. d4 Ng6 17. Rd1 Qc6 18. c4 b6 19. Qc3 a5 20. b3 Qb7 21. a3 Qc6
22. Rc1 Qb7 23. d5 Nf4 24. Ne1 g6 25. Nd3 c6 26. Ree1 Nd7 27. dxc6 Qxc6 28. b4
axb4 29. axb4 b5 30. c5 dxc5 31. bxc5 Ra4 32. Qb3 Nxd3 33. Qxd3 Rc4 1/2-1/2

[Event "BL 1415 SV Hockenheim - Werder Bremen"]
[Site "?"]
[Date "2014.12.06"]
[Round "5.3"]
[White "Hracek, Zbynek"]
[Black "Lenic, Luka"]
[Result "1/2-1/2"]
[WhiteElo "2636"]
[BlackElo "2646"]
[PlyCount "106"]
[EventDate "2014.??.??"]

1. e4 e5 2. Nf3 Nc6 3. Bb5 a6 4. Ba4 Nf6 5. d3 d6 6. c3 Be7 7. Nbd2 O-O 8. O-O
Nd7 9. Re1 Nc5 10. Bc2 Ne6 11. Nf1 Ng5 12. Ne3 Nxf3+ 13. Qxf3 Bg5 14. Nd5 Bxc1
15. Raxc1 Ne7 16. d4 c6 17. Ne3 Be6 18. dxe5 dxe5 19. Bb3 Bxb3 20. axb3 Qc7 21.
h4 Rad8 22. Rcd1 h6 23. b4 c5 24. bxc5 Qxc5 25. h5 Qc6 26. Rxd8 Rxd8 27. Rd1
Rd6 28. g3 b5 29. b4 Qd7 30. Rxd6 Qxd6 31. Kg2 Qc6 32. Ng4 f6 33. Qd3 Kf7 34.
f3 Qe6 35. Qc2 Nc8 36. Ne3 Nd6 37. Qd3 Qa2+ 38. Kh3 Qe6+ 39. Kg2 Qa2+ 40. Kh3
Qe6+ 41. Kh4 Nc8 42. Qd5 Ne7 43. Qxe6+ Kxe6 44. Kg4 f5+ 45. exf5+ Kf6 46. Kh3
Kg5 47. Kg2 Kxh5 48. Kf2 Kg5 49. g4 Kh4 50. Ng2+ Kh3 51. Ne3 Kh4 52. Ng2+ Kh3
53. Ne3 Kh4 1/2-1/2

[Event "BL 1415 SV Hockenheim - Werder Bremen"]
[Site "?"]
[Date "2014.12.06"]
[Round "5.4"]
[White "Baramidze, David"]
[Black "Nyback, Tomi"]
[Result "1/2-1/2"]
[WhiteElo "2601"]
[BlackElo "2608"]
[PlyCount "64"]
[EventDate "2014.??.??"]

1. d4 d5 2. c4 c6 3. Nc3 Nf6 4. e3 a6 5. Nf3 Bf5 6. Ne5 Nbd7 7. Qb3 Qc7 8. cxd5
Nxe5 9. dxe5 Nxd5 10. Nxd5 cxd5 11. Bd2 e6 12. Rc1 Qd7 13. Be2 Be7 14. Ba5 Rc8
15. Rxc8+ Qxc8 16. Kd2 O-O 17. Rc1 Qa8 18. Qc3 f6 19. a3 fxe5 20. g4 Bg6 21.
Qxe5 Bf6 22. Qxe6+ Bf7 23. Qd6 d4 24. exd4 b6 25. Bxb6 Qe4 26. Re1 Bg5+ 27. Kc3
Rc8+ 28. Bc5 Be7 29. Qd7 Rxc5+ 30. dxc5 Bf6+ 31. Kd2 Bg5+ 32. Kc3 Bf6+ 1/2-1/2

[Event "BL 1415 SV Hockenheim - Werder Bremen"]
[Site "?"]
[Date "2014.12.06"]
[Round "5.5"]
[White "Babula, Vlastimil"]
[Black "Buhmann, Rainer"]
[Result "1/2-1/2"]
[WhiteElo "2545"]
[BlackElo "2601"]
[PlyCount "72"]
[EventDate "2014.??.??"]

1. d4 Nf6 2. c4 e6 3. Nf3 d5 4. Nc3 c5 5. cxd5 cxd4 6. Qxd4 exd5 7. e4 Nc6 8.
Bb5 dxe4 9. Qxd8+ Kxd8 10. Ng5 Be6 11. Bd2 Bb4 12. O-O-O Ke7 13. Bxc6 Bxc3 14.
Bxb7 Bxd2+ 15. Rxd2 Rab8 16. Nxe6 fxe6 17. Ba6 Rb6 18. Bc4 Rc8 19. b3 Ng4 20.
Rc2 e3 21. f4 e5 22. fxe5 Nxe5 23. Re1 Rxc4 24. Rxc4 Nxc4 25. bxc4 Re6 26. Kd1
Kd6 27. Ke2 Kc5 28. Rf1 Re7 29. Rf4 Kb4 30. h4 a5 31. g4 h6 32. h5 Re5 33. Rf7
Rg5 34. Rf4 Re5 35. Rf7 Rg5 36. Rf4 Re5 1/2-1/2

[Event "BL 1415 SV Hockenheim - Werder Bremen"]
[Site "?"]
[Date "2014.12.06"]
[Round "5.6"]
[White "Wagner, Dennis"]
[Black "Smerdon, David"]
[Result "0-1"]
[WhiteElo "2484"]
[BlackElo "2508"]
[PlyCount "84"]
[EventDate "2014.??.??"]

1. Nf3 e6 2. g3 d5 3. Bg2 Nf6 4. c4 Be7 5. O-O O-O 6. d4 dxc4 7. Ne5 Nc6 8.
Nxc6 bxc6 9. Na3 Bxa3 10. bxa3 Ba6 11. Qd2 c3 12. Qe3 Nd5 13. Qf3 f5 14. Bf4 g5
15. e4 fxe4 16. Qg4 Nxf4 17. gxf4 Bxf1 18. Rxf1 Qxd4 19. fxg5 Rxf2 20. Rxf2 Rf8
21. Bf3 Rxf3 22. Qxe6+ Kf8 23. Qc8+ Kg7 24. Qxc7+ Kg6 25. Qxc6+ Kxg5 26. h4+
Kg4 27. Qe6+ Kg3 28. Qg8+ Kh3 29. Qe6+ Kxh4 30. Qh6+ Kg4 31. Qe6+ Kg5 32. Qg8+
Kh4 33. Qxh7+ Kg5 34. Qe7+ Kg6 35. Qe8+ Kh6 36. Qe6+ Kh7 37. Qe7+ Qg7+ 38.
Qxg7+ Kxg7 39. Re2 Rd3 40. Kf2 Rd2 41. Rxd2 cxd2 42. Ke2 e3 0-1

[Event "BL 1415 SV Hockenheim - Werder Bremen"]
[Site "?"]
[Date "2014.12.06"]
[Round "5.7"]
[White "Meins, Gerlef"]
[Black "Banusz, Tamas"]
[Result "1/2-1/2"]
[WhiteElo "2443"]
[BlackElo "2596"]
[PlyCount "88"]
[EventDate "2014.??.??"]

1. Nf3 d5 2. c4 c6 3. cxd5 cxd5 4. d4 Nc6 5. Nc3 Nf6 6. Bf4 Bf5 7. e3 e6 8. Bb5
Nd7 9. O-O Be7 10. Bxc6 bxc6 11. Ne5 Nxe5 12. Bxe5 f6 13. Bg3 Kf7 14. Rc1 Qa5
15. a3 Qb6 16. Qe2 Rac8 17. Na4 Qb5 18. Qxb5 cxb5 19. Nc5 Rc6 20. f3 a5 21. Be1
a4 22. Bb4 Rhc8 23. Rc3 e5 24. Rfc1 exd4 25. exd4 h5 26. Kf2 h4 27. Na6 Rc4 28.
Bxe7 Kxe7 29. Nb4 Kd6 30. Rxc4 dxc4 31. Ke3 Be6 32. Kd2 Bd5 33. h3 Rh8 34. Re1
Be6 35. Re4 Bf5 36. Re3 g5 37. Kc3 Be6 38. Re2 Rg8 39. Re1 f5 40. Re5 Bd7 41.
Rd5+ Ke7 42. Re5+ Kd6 43. Rd5+ Ke7 44. Re5+ Kd6 1/2-1/2

[Event "BL 1415 SV Hockenheim - Werder Bremen"]
[Site "?"]
[Date "2014.12.06"]
[Round "5.8"]
[White "Boguslavskyy, Oleg"]
[Black "Fish, Gennadij"]
[Result "1/2-1/2"]
[WhiteElo "2441"]
[BlackElo "2467"]
[PlyCount "92"]
[EventDate "2014.??.??"]

1. e4 e6 2. d4 d5 3. Nc3 Nf6 4. Bg5 Be7 5. e5 Ne4 6. Bxe7 Qxe7 7. Bd3 Nxc3 8.
bxc3 c5 9. Qg4 O-O 10. Nf3 f5 11. Qf4 b6 12. a4 Ba6 13. a5 Bxd3 14. cxd3 Nc6
15. axb6 axb6 16. O-O cxd4 17. Nxd4 Nxd4 18. Qxd4 Qc5 19. Qxc5 bxc5 20. f4 Rfb8
21. c4 dxc4 22. dxc4 h6 23. h4 Rxa1 24. Rxa1 Rb4 25. Ra6 Rxc4 26. g3 Kf7 27. h5
Rc2 28. Ra7+ Kf8 29. Ra6 Ke7 30. Ra7+ Kd8 31. Rxg7 c4 32. Ra7 Rb2 33. Ra3 Kd7
34. Kf1 Kc6 35. Ke1 Kc5 36. Kd1 Rg2 37. Ra6 Rxg3 38. Rxe6 Rf3 39. Rxh6 Rxf4 40.
Rh8 Rf1+ 41. Ke2 Rh1 42. h6 Rh2+ 43. Kf3 c3 44. Kf4 c2 45. Rc8+ Kd5 46. Kxf5
Rxh6 1/2-1/2

[Event "BL 1415 SG Turm Trier - Turm Emsdetten"]
[Site "?"]
[Date "2014.12.06"]
[Round "5.1"]
[White "Mchedlishvili, Mikheil"]
[Black "Erdos, Viktor"]
[Result "1/2-1/2"]
[WhiteElo "2622"]
[BlackElo "2618"]
[PlyCount "64"]
[EventDate "2014.??.??"]

1. d4 Nf6 2. c4 g6 3. Nf3 Bg7 4. g3 c5 5. d5 e6 6. Bg2 exd5 7. cxd5 d6 8. O-O
O-O 9. Nc3 Re8 10. Bf4 Ne4 11. Rc1 Nxc3 12. bxc3 b5 13. a4 a6 14. Re1 Ra7 15.
Qb3 Rb7 16. e4 Qc7 17. Re3 Nd7 18. Rce1 Ne5 19. Bxe5 dxe5 20. axb5 axb5 21. c4
b4 22. Ra1 Ra7 23. Rxa7 Qxa7 24. Re2 Qa1+ 25. Re1 Qa6 26. Re2 Qa1+ 27. Re1 Qa6
28. Re2 Bd7 29. Ra2 Qb7 30. Ne1 Bf8 31. Nd3 Bd6 32. Ra5 Ra8 1/2-1/2

[Event "BL 1415 SG Turm Trier - Turm Emsdetten"]
[Site "?"]
[Date "2014.12.06"]
[Round "5.2"]
[White "Lupulescu, Constantin"]
[Black "Swiercz, Dariusz"]
[Result "1/2-1/2"]
[WhiteElo "2643"]
[BlackElo "2616"]
[PlyCount "66"]
[EventDate "2014.??.??"]

1. Nf3 Nf6 2. c4 g6 3. Nc3 d5 4. cxd5 Nxd5 5. Qb3 Nb6 6. d4 Bg7 7. e4 Bg4 8.
Bb5+ c6 9. Ng5 O-O 10. Be2 Bxe2 11. Nxe2 c5 12. dxc5 N6d7 13. Qxb7 Qa5+ 14. Bd2
Qa6 15. c6 Qxc6 16. Qxc6 Nxc6 17. Rc1 Rac8 18. b3 Rfd8 19. Nf3 Bb2 20. Rd1 Nc5
21. Ng3 Nd3+ 22. Ke2 Ncb4 23. Bxb4 Nxb4 24. Rxd8+ Rxd8 25. Rd1 Rxd1 26. Kxd1
Nxa2 27. Kc2 Bg7 28. Kd3 Nc3 29. Nd4 Nd1 30. f3 Nb2+ 31. Ke3 Nd1+ 32. Kd3 Nb2+
33. Ke3 Nd1+ 1/2-1/2

[Event "BL 1415 SG Turm Trier - Turm Emsdetten"]
[Site "?"]
[Date "2014.12.06"]
[Round "5.4"]
[White "Parligras, Mircea-Emilian"]
[Black "Ipatov, Alexander"]
[Result "1/2-1/2"]
[WhiteElo "2594"]
[BlackElo "2608"]
[PlyCount "144"]
[EventDate "2014.??.??"]

1. d4 d5 2. c4 c6 3. Nc3 Nf6 4. e3 g6 5. Nf3 Bg7 6. Be2 O-O 7. O-O e6 8. b4
dxc4 9. Bxc4 b5 10. Be2 a5 11. Ba3 Na6 12. bxa5 b4 13. Bxa6 Bxa6 14. Bxb4 Bxf1
15. Bxf8 Bxg2 16. Bxg7 Bxf3 17. Qxf3 Kxg7 18. Rb1 Qc7 19. Qg3 Qxa5 20. Rb3 c5
21. Qe5 cxd4 22. Qxa5 Rxa5 23. exd4 Nd5 24. Rb5 Ra3 25. Nxd5 exd5 26. Rxd5 Rxa2
27. Rd6 Kf8 28. h4 Ke7 29. Rd5 Ke6 30. Rd8 Ra5 31. Kg2 Rd5 32. Rh8 h5 33. Re8+
Kf5 34. Kg3 Rxd4 35. f3 Rc4 36. Re7 f6 37. Rf7 Ke5 38. Rg7 Kf5 39. Rf7 Rd4 40.
Rf8 Rd6 41. Rf7 Rc6 42. Rf8 Rd6 43. Rf7 Ke5 44. Rg7 f5 45. Re7+ Re6 46. Ra7 f4+
47. Kf2 Rc6 48. Re7+ Kd5 49. Rf7 Rc2+ 50. Kg1 Ke5 51. Rf8 Rc4 52. Kg2 Rd4 53.
Rf7 Ke6 54. Rf8 Ke7 55. Rg8 Kf7 56. Ra8 Rd2+ 57. Kg1 Rd4 58. Ra6 Rd5 59. Kh2
Kg7 60. Ra4 Rf5 61. Ra6 Rf6 62. Ra7+ Kh6 63. Kh3 Re6 64. Rf7 g5 65. Rf5 g4+ 66.
fxg4 Re3+ 67. Kh2 hxg4 68. Rxf4 Kh5 69. Rf8 Re2+ 70. Kg3 Re3+ 71. Kg2 Re2+ 72.
Kg3 Re3+ 1/2-1/2

[Event "BL 1415 SG Turm Trier - Turm Emsdetten"]
[Site "?"]
[Date "2014.12.06"]
[Round "5.5"]
[White "Grandelius, Nils"]
[Black "Gonda, Laszlo"]
[Result "1-0"]
[WhiteElo "2573"]
[BlackElo "2542"]
[PlyCount "76"]
[EventDate "2014.??.??"]

1. e4 e5 2. Nf3 Nc6 3. Bb5 a6 4. Ba4 Nf6 5. O-O Be7 6. Re1 b5 7. Bb3 d6 8. c3
O-O 9. d4 Bg4 10. Be3 exd4 11. cxd4 Na5 12. Bc2 Nc4 13. Bc1 d5 14. e5 Ne4 15.
Nc3 Nxc3 16. bxc3 c5 17. Qd3 g6 18. h3 Be6 19. dxc5 Bxc5 20. Bg5 Qb6 21. Qe2
Rac8 22. Bf6 Rfe8 23. Rad1 Na3 24. Bb3 b4 25. cxb4 Bxb4 26. Qe3 Qxe3 27. Rxe3
Nc4 28. Re2 Rc7 29. Nd4 Rec8 30. Rc2 Na3 31. Rxc7 Rxc7 32. Ne2 Nb5 33. Bxd5 Rd7
34. Rb1 Rxd5 35. Rxb4 Rd1+ 36. Kh2 Rd2 37. Nc3 Rd4 38. Rb2 Rd7 1-0

[Event "BL 1415 SG Turm Trier - Turm Emsdetten"]
[Site "?"]
[Date "2014.12.06"]
[Round "5.6"]
[White "Haslinger, Stewart G"]
[Black "Yilmaz, Mustafa"]
[Result "0-1"]
[WhiteElo "2531"]
[BlackElo "2580"]
[PlyCount "80"]
[EventDate "2014.??.??"]

1. e4 c5 2. Nf3 d6 3. d4 cxd4 4. Nxd4 Nf6 5. Nc3 a6 6. h3 e6 7. g4 Nfd7 8. g5
Nc6 9. Be3 Be7 10. h4 O-O 11. Be2 Rb8 12. Qd2 Nxd4 13. Bxd4 b5 14. a3 Ne5 15.
O-O-O Nc6 16. f4 b4 17. Nb1 d5 18. exd5 Qxd5 19. Be5 Qxd2+ 20. Rxd2 Nxe5 21.
fxe5 a5 22. axb4 axb4 23. Bc4 Ra8 24. Re1 Bc5 25. c3 Bb7 26. Kc2 Rfc8 27. Kb3
Bc6 28. cxb4 Rab8 29. Kc2 Rxb4 30. b3 Ba4 31. Kb2 Rcb8 32. Red1 Be7 33. Ka2
Bxb3+ 34. Bxb3 Rxb3 35. Rd7 Rb2+ 36. Ka1 R2b4 37. Ra7 Bc5 38. Ra5 Bb6 39. Ra6
g6 40. Ka2 Bd4 0-1

[Event "BL 1415 SG Turm Trier - Turm Emsdetten"]
[Site "?"]
[Date "2014.12.06"]
[Round "5.7"]
[White "Burg, Twan"]
[Black "Seger, Ruediger"]
[Result "1/2-1/2"]
[WhiteElo "2516"]
[BlackElo "2372"]
[PlyCount "161"]
[EventDate "2014.??.??"]

1. e4 c6 2. d4 d5 3. Nc3 dxe4 4. Nxe4 Bf5 5. Ng3 Bg6 6. h4 h6 7. Nf3 Nd7 8. h5
Bh7 9. Bd3 Bxd3 10. Qxd3 e6 11. Bd2 Ngf6 12. O-O-O Be7 13. Ne4 Nxe4 14. Qxe4
Nf6 15. Qe2 Qd5 16. Kb1 O-O 17. Be3 Ng4 18. Bc1 Rfd8 19. Ne5 Nxe5 20. dxe5 Qb5
21. Qxb5 cxb5 22. c3 Kf8 23. Kc2 Rac8 24. g4 b4 25. Be3 bxc3 26. bxc3 Rxd1 27.
Rxd1 Ke8 28. Bxa7 Ra8 29. Bd4 Rxa2+ 30. Kb3 Ra5 31. f4 Ra6 32. Rb1 Kd7 33. Kc4
Kc7 34. f5 f6 35. fxe6 Rxe6 36. Kd5 Rc6 37. c4 Kc8 38. Rb5 fxe5 39. Bxe5 Bf6
40. Bd6 Bc3 41. Rb3 Bf6 42. c5 Ra6 43. Ke6 Ra2 44. Rb4 Rd2 45. Re4 Kd8 46. Kf7
Rd5 47. Bf8 Rg5 48. Ke6 Kc7 49. Bd6+ Kc6 50. Rb4 Bd8 51. Ra4 Bf6 52. Rc4 Bd8
53. Rf4 Bf6 54. Rc4 Bd8 55. Rf4 Bf6 56. Bf8 Bc3 57. Rc4 Bf6 58. Kf7 b5 59.
cxb6+ Kxb6 60. Ba3 Kb5 61. Rb4+ Kc6 62. Bc1 Rd5 63. Bxh6 Rd7+ 64. Kg6 Be7 65.
Ra4 gxh6 66. Kxh6 Kd5 67. g5 Ke6 68. Kg6 Rd5 69. Ra6+ Kd7 70. h6 Rxg5+ 71. Kf7
Rf5+ 72. Kg6 Rg5+ 73. Kf7 Rf5+ 74. Kg7 Rg5+ 75. Rg6 Rxg6+ 76. Kxg6 Ba3 77. Kf7
Bb2 78. h7 Ba1 79. Kg8 Bb2 80. h8=Q Bxh8 81. Kxh8 1/2-1/2

[Event "BL 1415 SG Turm Trier - Turm Emsdetten"]
[Site "?"]
[Date "2014.12.06"]
[Round "5.8"]
[White "Yankelevich, Lev"]
[Black "Zumsande, Martin"]
[Result "1-0"]
[WhiteElo "2333"]
[BlackElo "2429"]
[PlyCount "129"]
[EventDate "2014.??.??"]

1. c4 e6 2. d4 d5 3. Nf3 Nf6 4. g3 Be7 5. Bg2 O-O 6. O-O dxc4 7. Qc2 a6 8. a4
c5 9. dxc5 Nc6 10. Nbd2 Bxc5 11. Nxc4 Qe7 12. Nfe5 Nb4 13. Qb3 Nfd5 14. Bd2 a5
15. Rac1 b6 16. e4 Nf6 17. Be3 Ba6 18. Rfd1 Rab8 19. Nxa5 Bxe3 20. Nac6 Nxc6
21. Nxc6 Bxf2+ 22. Kxf2 Ng4+ 23. Kg1 Qf6 24. Qf3 Ne5 25. Qxf6 gxf6 26. Nxb8
Rxb8 27. Rd4 Kg7 28. Rc7 Bd3 29. Rb4 Kg6 30. h3 Ra8 31. b3 b5 32. Bf1 bxa4 33.
Bxd3 Nxd3 34. Rxa4 Rb8 35. Rc3 Ne5 36. b4 h5 37. Rb3 Nc4 38. b5 Nb6 39. Ra6 f5
40. exf5+ Kxf5 41. Rf3+ Kg6 42. Kf2 Nd7 43. Ra5 Rb6 44. Rc3 Ne5 45. Rb3 Nd7 46.
Ra6 Rb8 47. Rc6 Nb6 48. Ke3 Kf6 49. Kd4 Ke7 50. Rxb6 Rxb6 51. Kc5 Rb8 52. b6
Rc8+ 53. Kb5 Rb8 54. Kc6 Rc8+ 55. Kb7 Rc1 56. Ra3 Rb1 57. Ka7 f5 58. h4 e5 59.
b7 Ke6 60. b8=Q Rxb8 61. Kxb8 Kd5 62. Kc7 Ke4 63. Kd6 f4 64. gxf4 exf4 65. Ke6
1-0

[Event "BL 1415 SF Katernberg - Hamburger SK"]
[Site "?"]
[Date "2014.12.06"]
[Round "5.1"]
[White "Van Kampen, Robin"]
[Black "Romanov, Evgeny"]
[Result "1/2-1/2"]
[WhiteElo "2612"]
[BlackElo "2636"]
[PlyCount "58"]
[EventDate "2014.??.??"]

1. e4 e5 2. Nf3 Nc6 3. Bb5 g6 4. c3 a6 5. Ba4 d6 6. d4 Bd7 7. O-O Bg7 8. h3 b5
9. Bc2 Nf6 10. Nbd2 O-O 11. dxe5 Nxe5 12. Nxe5 dxe5 13. Nb3 Qc8 14. Qf3 Ne8 15.
Nc5 Bc6 16. Bg5 Nd6 17. Bb3 Kh8 18. Bf6 Qb8 19. Bd5 Qb6 20. b4 Bxd5 21. exd5
Nc4 22. Nd7 Nd2 23. Qe2 Qd6 24. Bxg7+ Kxg7 25. Nxf8 Nxf1 26. Nd7 Nd2 27. Qxe5+
Qxe5 28. Nxe5 Rd8 29. c4 bxc4 1/2-1/2

[Event "BL 1415 SF Katernberg - Hamburger SK"]
[Site "?"]
[Date "2014.12.06"]
[Round "5.2"]
[White "Fier, Alexandr"]
[Black "Kempinski, Robert"]
[Result "0-1"]
[WhiteElo "2590"]
[BlackElo "2623"]
[PlyCount "94"]
[EventDate "2014.??.??"]

1. d4 Nf6 2. c4 g6 3. Nc3 Bg7 4. e4 d6 5. Be2 Na6 6. Bg5 c6 7. Qd2 h6 8. Be3
Ng4 9. Bxg4 Bxg4 10. f3 Be6 11. b3 d5 12. cxd5 cxd5 13. Nge2 dxe4 14. fxe4 Bg4
15. O-O Bxe2 16. Nxe2 Qd6 17. e5 Qb4 18. Qc1 Rd8 19. e6 f5 20. g4 Qd6 21. gxf5
gxf5 22. Ng3 Qxe6 23. Nxf5 Rg8 24. Ng3 Qxe3+ 25. Qxe3 Bxd4 26. Rae1 Bxe3+ 27.
Rxe3 Nb4 28. Re6 Nxa2 29. Rfe1 Rd7 30. Rxh6 Nb4 31. Rhe6 Nc6 32. R6e3 Rd2 33.
R3e2 Rxe2 34. Rxe2 Nd4 35. Re3 Rg6 36. Kg2 a5 37. Rd3 Ne6 38. Kf3 Rf6+ 39. Ke3
Nc5 40. Rc3 b6 41. h4 Kf7 42. h5 Ke6 43. Ne4 Rf5 44. h6 Re5 45. Rc4 Kf7 46. Kf3
Nxe4 47. Kf4 Nd6 0-1

[Event "BL 1415 SF Katernberg - Hamburger SK"]
[Site "?"]
[Date "2014.12.06"]
[Round "5.3"]
[White "Kravtsiv, Martyn"]
[Black "Firman, Nazar"]
[Result "0-1"]
[WhiteElo "2563"]
[BlackElo "2464"]
[PlyCount "90"]
[EventDate "2014.??.??"]

1. e4 d6 2. d4 Nf6 3. Nc3 g6 4. f4 Bg7 5. Nf3 O-O 6. Bd3 Na6 7. O-O c5 8. d5
Bg4 9. Bc4 Nd7 10. h3 Bxf3 11. Rxf3 Nc7 12. a4 b6 13. Nb5 Ne8 14. Qf1 a6 15.
Nc3 Nc7 16. Kh1 Qc8 17. Ra3 Rb8 18. Rb3 Kh8 19. Bd2 e6 20. Qd3 Nf6 21. e5 dxe5
22. d6 Ncd5 23. Bxa6 Qd8 24. fxe5 Nd7 25. Nxd5 Nxe5 26. Ne7 Nxd3 27. Rbxd3 Ra8
28. Bb5 c4 29. Bxc4 Rxa4 30. Bb5 Ra1+ 31. Kh2 f5 32. Bg5 Be5+ 33. g3 Qa8 34.
Nc6 Qa2 35. Rd2 Qxb2 36. d7 Bc7 37. Bf1 Rxf1 38. Rxf1 Qb5 39. Be7 Rf7 40. d8=Q+
Bxd8 41. Rxd8+ Kg7 42. Nd4 Qxf1 43. Nxe6+ Kh6 44. Bg5+ Kh5 45. Rd2 Qc4 0-1

[Event "BL 1415 SF Katernberg - Hamburger SK"]
[Site "?"]
[Date "2014.12.06"]
[Round "5.4"]
[White "Zaragatski, Ilja"]
[Black "Ernst, Sipke"]
[Result "0-1"]
[WhiteElo "2474"]
[BlackElo "2545"]
[PlyCount "66"]
[EventDate "2014.??.??"]

1. Nf3 d5 2. g3 c6 3. Bg2 Bg4 4. c4 e6 5. O-O Nf6 6. d3 Be7 7. Nbd2 a5 8. cxd5
exd5 9. h3 Bh5 10. Nh4 O-O 11. Nf5 Bc5 12. g4 Bg6 13. e4 Bxf5 14. exf5 Re8 15.
Nf3 Qc7 16. g5 Nh5 17. d4 Ba7 18. Re1 Nd7 19. Be3 g6 20. f6 Nf4 21. Bf1 h6 22.
gxh6 Nh5 23. Bd3 Ndxf6 24. Ne5 Rxe5 25. dxe5 Qxe5 26. Bxa7 Qg5+ 27. Kh1 Rxa7
28. Qf3 b6 29. Qe3 Nf4 30. Rg1 Qh4 31. Rg3 Nxd3 32. Qxb6 Rd7 33. Rxd3 Qe4+ 0-1

[Event "BL 1415 SF Katernberg - Hamburger SK"]
[Site "?"]
[Date "2014.12.06"]
[Round "5.5"]
[White "Svane, Rasmus"]
[Black "Siebrecht, Sebastian"]
[Result "1/2-1/2"]
[WhiteElo "2509"]
[BlackElo "2464"]
[PlyCount "69"]
[EventDate "2014.??.??"]

1. d4 d5 2. c4 c6 3. Nc3 Nf6 4. e3 e6 5. Nf3 Nbd7 6. Qc2 Bd6 7. Be2 O-O 8. O-O
dxc4 9. Bxc4 b5 10. Be2 a6 11. e4 e5 12. Bg5 Qe7 13. Rad1 Re8 14. dxe5 Nxe5 15.
Nd4 h6 16. Bh4 Ng6 17. Nxc6 Bxh2+ 18. Kxh2 Ng4+ 19. Bxg4 Qxh4+ 20. Kg1 Bxg4 21.
f3 Rac8 22. Rd6 Qg3 23. Qd2 Bh3 24. Rd1 Nh4 25. Qf2 Qxg2+ 26. Qxg2 Bxg2 27. Kf2
Bxf3 28. R1d4 Bh5 29. Nd5 Ng6 30. Nb6 Rc7 31. Nd5 Rb7 32. Na5 Ra7 33. Nc6 Rb7
34. Na5 Ra7 35. Nc6 1/2-1/2

[Event "BL 1415 SF Katernberg - Hamburger SK"]
[Site "?"]
[Date "2014.12.06"]
[Round "5.6"]
[White "Ris, Robert"]
[Black "Ftacnik, Lubomir"]
[Result "1-0"]
[WhiteElo "2425"]
[BlackElo "2558"]
[PlyCount "71"]
[EventDate "2014.??.??"]

1. d4 Nf6 2. c4 g6 3. g3 Bg7 4. Bg2 d5 5. cxd5 Nxd5 6. e4 Nb4 7. d5 c6 8. a3
Qa5 9. Nc3 cxd5 10. Bf4 N4c6 11. exd5 Nd4 12. h3 O-O 13. Nf3 Nxf3+ 14. Bxf3 Na6
15. Kf1 e5 16. Be3 f5 17. Kg2 Bd7 18. h4 h5 19. Rc1 Rac8 20. d6 e4 21. Be2 Be6
22. b4 Qxa3 23. Nd5 Rxc1 24. Bxc1 Qa2 25. Ne7+ Kh7 26. Bxh5 Bf7 27. d7 gxh5 28.
d8=Q Rxd8 29. Qxd8 Qe6 30. Rd1 Nxb4 31. Rd6 Qc4 32. Qd7 Nd3 33. Qxf5+ Kh8 34.
Rd8+ Bf8 35. Rxf8+ Kg7 36. Bh6+ 1-0

[Event "BL 1415 SF Katernberg - Hamburger SK"]
[Site "?"]
[Date "2014.12.06"]
[Round "5.7"]
[White "Lampert, Jonas"]
[Black "Scholz, Christian Dr"]
[Result "0-1"]
[WhiteElo "2443"]
[BlackElo "2349"]
[PlyCount "120"]
[EventDate "2014.??.??"]

1. e4 c5 2. Nf3 d6 3. d4 cxd4 4. Nxd4 Nf6 5. Nc3 a6 6. Bg5 e6 7. f4 Qb6 8. Qd2
Qxb2 9. Rb1 Qa3 10. e5 h6 11. Bh4 dxe5 12. fxe5 g5 13. exf6 gxh4 14. Be2 Qa5
15. O-O Nd7 16. Kh1 h3 17. Bf3 Qg5 18. Qe2 Qe5 19. Qc4 Qc5 20. Qd3 Ne5 21. Qe4
Nxf3 22. Rxf3 hxg2+ 23. Kxg2 Rg8+ 24. Kh1 Bd6 25. Nf5 Bd7 26. Qxb7 Bc6 27.
Nxd6+ Qxd6 28. Ne4 Qd7 29. Qb4 Rg4 30. Nd6+ Qxd6 31. Qxg4 O-O-O 32. Kg1 Qc5+
33. Rf2 Qd5 34. Qg2 Qxg2+ 35. Rxg2 Bxg2 36. Kxg2 Rd2+ 37. Kg3 Rxc2 38. Rb4 Rc5
39. Rb6 Ra5 40. Rb2 Rf5 41. Rb6 a5 42. h4 Kc7 43. Rb3 Kd6 44. Ra3 Kc6 45. Kg4
Kb5 46. Rb3+ Kc4 47. Ra3 h5+ 48. Kg3 Kb4 49. Rb3+ Ka4 50. Rf3 Rxf3+ 51. Kxf3
Ka3 52. Kf4 Kxa2 53. Kg5 a4 54. Kxh5 a3 55. Kh6 Kb3 56. Kg7 a2 57. Kxf7 a1=Q
58. Kxe6 Qe1+ 59. Kd7 Qf2 60. Ke7 Qxh4 0-1